Themes, Issues and Debates in Psychology. (Record no. 6668)

MARC details
000 -LEADER
fixed length control field 00542nam a22002057a 4500
003 - CONTROL NUMBER IDENTIFIER
control field OSt
005 - DATE AND TIME OF LATEST TRANSACTION
control field 20200224152240.0
008 - FIXED-LENGTH DATA ELEMENTS--GENERAL INFORMATION
fixed length control field 200224b ||||| |||| 00| 0 eng d
020 ## - INTERNATIONAL STANDARD BOOK NUMBER
International Standard Book Number 9780340975879
040 ## - CATALOGING SOURCE
Transcribing agency DDC
082 ## - DEWEY DECIMAL CLASSIFICATION NUMBER
Classification number 150 GRO 2009
100 ## - MAIN ENTRY--PERSONAL NAME
Personal name Gross,Richard;
9 (RLIN) 3607
245 ## - TITLE STATEMENT
Title Themes, Issues and Debates in Psychology.
250 ## - EDITION STATEMENT
Edition statement 3rd ed.
260 ## - PUBLICATION, DISTRIBUTION, ETC. (IMPRINT)
Place of publication, distribution, etc. UK,
Name of publisher, distributor, etc. Hodder Education;
Date of publication, distribution, etc. 2009.
300 ## - PHYSICAL DESCRIPTION
Extent xiii,346p;
Other physical details ill;
Dimensions 24cm.
504 ## - BIBLIOGRAPHY, ETC. NOTE
Bibliography, etc includes references and index.
650 ## - SUBJECT ADDED ENTRY--TOPICAL TERM
Topical term or geographic name as entry element Psychology
9 (RLIN) 31
942 ## - ADDED ENTRY ELEMENTS (KOHA)
Source of classification or shelving scheme Dewey Decimal Classification
Koha item type Open Shelf
Holdings
Withdrawn status Lost status Source of classification or shelving scheme Damaged status Not for loan Home library Current library Date acquired Source of acquisition Inventory number Total Checkouts Full call number Barcode Date last seen Price effective from Koha item type
    Dewey Decimal Classification     MUST Main Library MUST Main Library 24/02/2020 Donation 14/37759   150 GRO 2009 2020-0581 24/02/2020 24/02/2020 Open Shelf
    Dewey Decimal Classification     MUST Main Library MUST Main Library 24/02/2020 Donation 14/38422   150 GRO 2009 2020-0582 24/02/2020 24/02/2020 Open Shelf
    Dewey Decimal Classification     MUST Main Library MUST Main Library 24/02/2020 Donation 14/37758   150 GRO 2009 2020-0583 24/02/2020 24/02/2020 Open Shelf
    Dewey Decimal Classification     MUST Main Library MUST Main Library 24/02/2020 Donation 14/37760   150 GRO 2009 2020-0584 24/02/2020 24/02/2020 Open Shelf